[Event "Mind Sports Games - Rapid Team"]
[Site "Pechino CINA"]
[Date "2008.10.16"]
[Round "9"]
[White "Mahjoob, M."]
[Black "Can, E."]
[Result "0-1"]
[WhiteElo "2507"]
[BlackElo "2464"]
[PlyCount "82"]
[EventDate "2008.10.14"]
[Source "www.chesslib.no"]
[SourceDate "2004.05.04"]

1. e4 c5 2. Nf3 d6 3. d4 cxd4 4. Nxd4 Nf6 5. Nc3 g6 6. f4 Nc6 7. Nxc6 bxc6 8. e5 Nd7 9. exd6 exd6 10. Be3 Be7 11. Qd2 O-O 12. O-O-O d5 13. g4 Nc5 14. f5 Rb8 15. h4 Qa5 16. Bd4 Re8 17. h5 g5 18. f6 Bf8 19. Qxg5+ Kh8 20. Bd3 Nxd3+ 21. Rxd3 Ba6 22. Rd2 c5 23. Be5 d4 24. Bxd4 h6 25. Qf5 Bc8 26. Qf4 cxd4 27. Rxd4 Be6 28. Re1 Rxb2 29. Kxb2 Ba3+ 30. Kb1 Qb6+ 31. Rb4 Qxb4+ 32. Qxb4 Bxb4 33. Re3 Bxc3 34. Rxc3 Bxg4 35. Rc7 Bxh5 36. Rxa7 Bg6 37. Rc7 h5 38. a4 h4 39. a5 h3 40. Rc3 Bf5 41. Rf3 h2 0-1

[Event "Lone Pine op"]
[Site "Lone Pine"]
[Date "1975.??.??"]
[Round "1"]
[White "Weinstein, Norman"]
[Black "Shamkovich, Leonid"]
[Result "1-0"]
[WhiteElo "2465"]
[BlackElo "2505"]
[PlyCount "66"]
[EventDate "1975.??.??"]
[Source "ChessBase"]

1. e4 c5 2. Nf3 Nc6 3. d4 cxd4 4. Nxd4 Nf6 5. Nc3 d6 6. f4 g6 7. Nxc6 bxc6 8. e5 Nd7 9. exd6 exd6 10. Be3 Be7 11. Qd2 O-O 12. O-O-O Nf6 13. h3 Be6 14. Kb1 Qa5 15. b3 Qa3 16. g4 Rab8 17. f5 gxf5 18. Bd4 Nd7 19. Qh6 Ne5 20. Bd3 Kh8 21. gxf5 Bxb3 22. cxb3 f6 23. Rhg1 Rf7 24. Rg2 Qb4 25. Qe3 Rff8 26. Rdg1 Rg8 27. Kb2 Qa5 28. Rxg8+ Rxg8 29. Rxg8+ Kxg8 30. Bxe5 dxe5 31. Bc4+ Kf8 32. Qg3 Ke8 33. Qg8+ Bf8 1-0

[Event "Hampstead GM 5th"]
[Site "London"]
[Date "1999.04.11"]
[Round "5"]
[White "Hector, Jonny"]
[Black "Pein, Malcolm"]
[Result "1-0"]
[WhiteElo "2542"]
[BlackElo "2425"]
[PlyCount "123"]
[EventDate "1999.04.??"]
[Source "ChessBase"]
[SourceDate "1999.07.10"]

1. e4 c5 2. Nf3 d6 3. d4 cxd4 4. Nxd4 Nf6 5. Nc3 Nc6 6. f4 g6 7. Nf3 Bg7 8. Bd3 Qb6 9. Qe2 Bg4 10. Qf2 Qxf2+ 11. Kxf2 O-O 12. Nd2 Bd7 13. h3 Nb4 14. Nf3 Rfc8 15. Be3 b5 16. a3 Nxd3+ 17. cxd3 a5 18. e5 Ne8 19. Rhc1 Bc6 20. Ne4 dxe5 21. fxe5 Bxe4 22. dxe4 a4 23. Rxc8 Rxc8 24. Rc1 Rxc1 25. Bxc1 Nc7 26. Ke2 Kf8 27. Kd3 Ke8 28. Kc3 Kd7 29. Kb4 Kc6 30. Be3 Ne6 31. Ka5 f6 32. exf6 Bxf6 33. e5 Bg7 34. h4 h5 35. Ka6 Nc5+ 36. Ka7 Nd3 37. Bd4 Bh6 38. Ka6 Bc1 39. Bc3 Bxb2 40. Nd4+ Kc5 41. Nxb5 Bxc3 42. Nxc3 Kd4 43. Nxa4 Kxe5 44. Kb5 Kd4 45. Nb6 Nc5 46. a4 e5 47. a5 e4 48. Nc4 Ne6 49. Nd2 e3 50. Nf3+ Kd5 51. Ng1 Nd4+ 52. Kb6 Kc4 53. a6 Nb5 54. Ne2 Nd6 55. Nf4 Nc8+ 56. Kb7 Nd6+ 57. Kc6 Nb5 58. Kb6 Nd6 59. Kc7 Nb5+ 60. Kc6 Nd4+ 61. Kd6 Nb5+ 62. Ke5 1-0

[Event "FRG-ch int"]
[Site "Mannheim"]
[Date "1975.??.??"]
[Round "12"]
[White "Parma, Bruno"]
[Black "Dueball, Juergen"]
[Result "1/2-1/2"]
[WhiteElo "2510"]
[BlackElo "2455"]
[PlyCount "32"]
[EventDate "1975.??.??"]
[Source "ChessBase"]

1. e4 c5 2. Nf3 d6 3. Nc3 Nc6 4. d4 cxd4 5. Nxd4 Nf6 6. f4 g6 7. Nxc6 bxc6 8. e5 Nd7 9. exd6 exd6 10. Be3 Be7 11. Be2 Nf6 12. O-O Be6 13. Bf3 d5 14. Na4 O-O 15. c3 Re8 16. Nc5 Qb6 1/2-1/2

[Event "otb"]
[Site "otb"]
[Date "2007.03.23"]
[Round "7"]
[White "Needleman Gaston"]
[Black "Ricardi Pablo"]
[Result "1/2-1/2"]
[WhiteElo "2437"]
[BlackElo "2527"]
[PlyCount "78"]
[Source "www.chesslib.no"]
[SourceDate "2004.05.04"]

1. e4 c5 2. Nf3 d6 3. d4 cxd4 4. Nxd4 Nf6 5. Nc3 g6 6. f4 Nc6 7. Nf3 Bg7 8. Bd3 O-O 9. O-O b5 10. Qe1 b4 11. Nd1 e5 12. fxe5 dxe5 13. Kh1 h6 14. Ne3 Be6 15. Nc4 Nd7 16. b3 Nc5 17. Bb2 Nxd3 18. cxd3 Qxd3 19. Rd1 Bxc4 20. Rxd3 Bxd3 21. Rf2 Rad8 22. Rd2 f5 23. exf5 gxf5 24. h3 Rfe8 25. Qc1 Be4 26. Qc4+ Kh7 27. Rxd8 Rxd8 28. Qf7 Rf8 29. Qc7 Rd8 30. Qf7 Rf8 31. Qe6 Nd4 32. Nxd4 exd4 33. Qd7 Rf6 34. Kh2 Rg6 35. g3 d3 36. Bxg7 Rxg7 37. Qd4 Rc7 38. Kg1 Rc1+ 39. Kf2 d2 1/2-1/2

[Event "OHRA-B"]
[Site "Amsterdam"]
[Date "1988.??.??"]
[Round "?"]
[White "Ermenkov, Evgenij"]
[Black "Cifuentes Parada, Roberto"]
[Result "1/2-1/2"]
[WhiteElo "2475"]
[BlackElo "2480"]
[PlyCount "82"]
[EventDate "1988.07.??"]
[Source "ChessBase"]

1. e4 c5 2. Nf3 d6 3. d4 cxd4 4. Nxd4 Nf6 5. Nc3 Nc6 6. f4 g6 7. Nf3 Bg7 8. Bc4 Be6 9. Bb3 O-O 10. O-O Na5 11. h3 Nxb3 12. axb3 b5 13. e5 Qb6+ 14. Qd4 dxe5 15. fxe5 Nd7 16. Qxb6 axb6 17. Rxa8 Rxa8 18. Nxb5 Nxe5 19. Nc7 Nxf3+ 20. gxf3 Bd4+ 21. Kg2 Rc8 22. Bf4 g5 23. Bg3 Bxb2 24. c4 Rd8 25. Rf2 Bf6 26. Nxe6 fxe6 27. b4 Bc3 28. Rc2 Bxb4 29. Bc7 Rc8 30. Bxb6 Bc5 31. Bxc5 Rxc5 32. Kf2 Kf7 33. Ke3 Ke8 34. f4 Kd7 35. Kd4 Kd6 36. fxg5 Rxg5 37. Ra2 e5+ 38. Ke4 Rh5 39. Ra6+ Kd7 40. Ra7+ Ke6 41. Ra6+ Kd7 1/2-1/2

[Event "CRO-ch"]
[Site "Slavonski Brod"]
[Date "1995.??.??"]
[Round "?"]
[White "Loncar, Robert"]
[Black "Kozul, Zdenko"]
[Result "0-1"]
[WhiteElo "2385"]
[BlackElo "2570"]
[PlyCount "94"]
[EventDate "1995.02.??"]
[Source "ChessBase"]

1. e4 c5 2. Nf3 Nc6 3. d4 cxd4 4. Nxd4 Nf6 5. Nc3 d6 6. f4 g6 7. Nb3 Bg7 8. Be2 O-O 9. O-O b5 10. Bf3 b4 11. Nd5 Nxd5 12. exd5 Na5 13. Kh1 Nc4 14. Nd4 Bb7 15. Nc6 Bxc6 16. dxc6 Rc8 17. Qd5 Na5 18. Qb5 Qb6 19. Qxb6 axb6 20. a3 Nxc6 21. axb4 Nxb4 22. c3 Nd3 23. Ra6 b5 24. Ra1 Rc7 25. Be2 Nxc1 26. Raxc1 Rb8 27. Ra1 b4 28. cxb4 Rc2 29. Bd3 Rd2 30. Rad1 Rxd1 31. Rxd1 Rxb4 32. Rb1 Bxb2 33. g3 d5 34. Bc2 e6 35. Kg2 f6 36. h4 Kg7 37. Kf3 e5 38. fxe5 fxe5 39. Ke2 e4 40. Rd1 Bd4 41. Rb1 Rxb1 42. Bxb1 Kf6 43. g4 Ke5 44. Bc2 Bc5 45. g5 d4 46. Bb3 d3+ 47. Kd2 Kd4 0-1

[Event "Miedzybrodzie Open"]
[Site "Miedzybrodzie"]
[Date "1991.??.??"]
[Round "5"]
[White "Kupreichik, Viktor D"]
[Black "Serper, Grigory"]
[Result "0-1"]
[WhiteElo "2460"]
[BlackElo "2490"]
[PlyCount "123"]
[EventDate "1991.??.??"]
[Source "www.chesslib.no"]
[SourceDate "2004.05.04"]

1. e4 c5 2. Nf3 d6 3. Nc3 Nc6 4. d4 cxd4 5. Nxd4 Nf6 6. f4 g6 7. Be2 Bg7 8. Nb3 Qb6 9. a4 a5 10. Nd5 Nxd5 11. exd5 Nd4 12. Nxd4 Bxd4 13. Bb5+ Bd7 14. Bxd7+ Kxd7 15. Ra3 Rhe8 16. Rb3 Qa7 17. Qf3 Rac8 18. Kd1 Rc4 19. Qh3+ Kd8 20. c3 Bc5 21. Qxh7 Rxa4 22. Qh3 Qa6 23. Kc2 Rc4 24. Qd3 Kc8 25. Rxb7 Kxb7 26. b3 Rxc3+ 27. Qxc3 Qe2+ 28. Bd2 Qxg2 29. Re1 Qxd5 30. Qxa5 Qc6 31. Qc3 Bf2 32. Re2 Bd4 33. Qc4 d5 34. Qxc6+ Kxc6 35. Kd3 Bc5 36. Be3 Bxe3 37. Rxe3 Kd6 38. Re2 Rh8 39. Ra2 Rh4 40. Ra6+ Kc5 41. Ra5+ Kc6 42. Ra7 Kd6 43. Ra6+ Kd7 44. Kd4 e6 45. Kc5 Ke7 46. Ra7+ Kf6 47. b4 Rxf4 48. b5 Rc4+ 49. Kd6 d4 50. Ra1 Kf5 51. b6 d3 52. b7 Rb4 53. Ra5+ e5 54. Kc7 Rb1 55. b8=Q Rxb8 56. Kxb8 Ke4 57. Kc7 d2 58. Ra1 Kd3 59. Kd6 e4 60. Ke5 e3 61. Ra3+ Ke2 62. Ra2 0-1

[Event "Hastings 8081"]
[Site "Hastings"]
[Date "1980.??.??"]
[Round "10"]
[White "Peters, John A"]
[Black "Mestel, A Jonathan"]
[Result "1/2-1/2"]
[WhiteElo "2465"]
[BlackElo "2485"]
[PlyCount "81"]
[EventDate "1980.12.??"]
[Source "ChessBase"]

1. e4 c5 2. Nf3 d6 3. d4 cxd4 4. Nxd4 Nf6 5. Nc3 g6 6. f4 Bg7 7. e5 Nh5 8. Bb5+ Bd7 9. e6 fxe6 10. Nxe6 Bxc3+ 11. bxc3 Qc8 12. Qd3 Nc6 13. Ng5 Bf5 14. Qd5 h6 15. Ne4 Qe6 16. Qxe6 Bxe6 17. O-O Rf8 18. h3 Kd7 19. g4 Nf6 20. Bd3 Nxe4 21. Bxe4 h5 22. f5 gxf5 23. gxf5 Bc4 24. Rf4 Rac8 25. Be3 b6 26. Bf3 Ne5 27. Be4 Rc7 28. a4 Ba6 29. a5 b5 30. Bd4 Nc6 31. Bd3 Nxd4 32. cxd4 Kd8 33. Kf2 Bb7 34. Rg1 e5 35. dxe5 dxe5 36. Rb4 e4 37. Bxe4 Bxe4 38. Rxe4 Rxf5+ 39. Ke3 Rc3+ 40. Kd2 Rxh3 41. Rg8+ 1/2-1/2

[Event "Alushta UKR"]
[Site "?"]
[Date "2006.06.24"]
[Round "9"]
[White "Rogovski Vladimir"]
[Black "Tukhaev Adam"]
[Result "1/2-1/2"]
[WhiteElo "2476"]
[BlackElo "2466"]
[PlyCount "68"]
[EventDate "2006.??.??"]
[Source "www.chesslib.no"]
[SourceDate "2004.05.04"]

1. e4 c5 2. Nf3 d6 3. d4 cxd4 4. Nxd4 Nf6 5. Nc3 g6 6. f4 Nc6 7. Nxc6 bxc6 8. e5 Nd7 9. exd6 exd6 10. Be3 Nf6 11. Qd2 Be7 12. Be2 O-O 13. O-O Ng4 14. Bxg4 Bxg4 15. Ne4 Re8 16. Ng3 Bh4 17. f5 Bxg3 18. fxg6 Bxh2+ 19. Kxh2 Qh4+ 20. Kg1 hxg6 21. Bg5 Qh5 22. Rf2 Re2 23. Rxe2 Bxe2 24. Re1 Re8 25. Be3 Bc4 26. b3 Bd5 27. c4 Be4 28. Qxd6 Qg4 29. Qd2 Re5 30. Bf4 Bxg2 31. Rxe5 Bd5+ 32. Kf1 Qh3+ 33. Ke2 Qf3+ 34. Ke1 Qh1+ 1/2-1/2

[Event "URS-ch otbor"]
[Site "Beltsy"]
[Date "1979.??.??"]
[Round "?"]
[White "Zaichik, Gennadi"]
[Black "Lerner, Konstantin Z"]
[Result "0-1"]
[WhiteElo "2465"]
[BlackElo "2475"]
[PlyCount "78"]
[EventDate "1979.??.??"]
[Source "ChessBase"]

1. e4 c5 2. Nf3 d6 3. d4 Nf6 4. Nc3 cxd4 5. Nxd4 Nc6 6. f4 g6 7. Be2 Bg7 8. Nb3 Qb6 9. Bf3 a5 10. a4 O-O 11. Qe2 Nb4 12. Nb5 Be6 13. N3d4 Rfc8 14. Be3 Bc4 15. Qd2 Bxb5 16. axb5 e5 17. Nf5 Qd8 18. Nxd6 Rxc2 19. Qd1 exf4 20. Bf2 Nd7 21. O-O Ne5 22. Nxb7 Qc7 23. Nxa5 Rxa5 24. b6 Rxa1 25. Qxa1 Qb8 26. Qa7 Nbc6 27. Qxb8+ Nxb8 28. Rd1 Nbd7 29. b4 Rc8 30. Be2 Rb8 31. Rd6 Bf8 32. Rd5 f6 33. Rb5 Rc8 34. b7 Rc1+ 35. Bf1 Ng4 36. Ba7 Ne3 37. Kf2 Rxf1+ 38. Ke2 Rb1 39. b8=Q Nxb8 0-1

[Event "St Petersburg RUS"]
[Site "?"]
[Date "2005.03.27"]
[Round "11"]
[White "Vitiugov Nikita"]
[Black "Solovjov Sergey I"]
[Result "1-0"]
[WhiteElo "2478"]
[BlackElo "2456"]
[PlyCount "135"]
[EventDate "2005.??.??"]
[Source "www.chesslib.no"]
[SourceDate "2004.05.04"]

1. e4 c5 2. Nf3 d6 3. d4 cxd4 4. Nxd4 Nf6 5. Nc3 g6 6. f4 Nc6 7. Be3 Bg7 8. Nb3 Ng4 9. Bg1 e5 10. Be2 exf4 11. Bxg4 Qh4+ 12. Bf2 Qxg4 13. Qxd6 Be5 14. Qc5 Be6 15. Na5 Bxc3+ 16. Qxc3 O-O 17. Nxc6 bxc6 18. O-O Rfd8 19. Bd4 Qe2 20. Rxf4 Qc4 21. Qxc4 Bxc4 22. Bf6 Rd7 23. b3 Be6 24. Rff1 Rb8 25. Rfd1 Rbb7 26. Rd3 Kf8 27. Rad1 Ke8 28. Rd6 c5 29. Kf2 c4 30. Ke3 cxb3 31. axb3 Bg4 32. R1d5 Be6 33. Rd4 Rxd6 34. Rxd6 Bd7 35. e5 Rb6 36. Rd5 Rb5 37. Rd4 a5 38. Kd2 Rb8 39. Kc3 Ra8 40. Kb2 Rb8 41. Ka3 Rc8 42. c4 h5 43. g3 Rc7 44. Kb2 Rc8 45. Kc3 Be6 46. Bg5 Ra8 47. Rd6 Bd7 48. c5 Rc8 49. Kc4 a4 50. b4 Ra8 51. c6 Bxc6 52. Rxc6 a3 53. e6 a2 54. Bf6 a1=Q 55. Bxa1 Rxa1 56. exf7+ Kxf7 57. Rd6 Ra2 58. h4 Rc2+ 59. Kb3 Rc1 60. b5 Rb1+ 61. Kc4 Rc1+ 62. Kb4 Rb1+ 63. Kc5 Rc1+ 64. Kd5 Rc3 65. b6 Rxg3 66. b7 Rb3 67. Kc6 g5 68. Rd5 1-0

[Event "RUS"]
[Site "?"]
[Date "2006.04.22"]
[Round "3"]
[White "Rogovski Vladimir"]
[Black "Solovjov Sergey"]
[Result "1/2-1/2"]
[WhiteElo "2476"]
[BlackElo "2457"]
[PlyCount "81"]
[EventDate "2006.??.??"]
[Source "www.chesslib.no"]
[SourceDate "2004.05.04"]

1. e4 c5 2. Nf3 g6 3. d4 cxd4 4. Nxd4 Nf6 5. Nc3 d6 6. f4 Nc6 7. Nxc6 bxc6 8. e5 Nd7 9. exd6 exd6 10. Qd4 Qf6 11. Be3 Bg7 12. O-O-O d5 13. Qxf6 Bxf6 14. Na4 O-O 15. Nc5 Re8 16. Nxd7 Bxd7 17. Bf2 Re4 18. g3 Bg4 19. Rd2 Rb8 20. c3 Ra4 21. b3 Ra5 22. Kb2 c5 23. Bd3 Re8 24. Rc1 Be6 25. Be2 Rd8 26. Rcd1 Rb8 27. Rxd5 Bxd5 28. Rxd5 Ra4 29. Rxc5 Re4 30. Bf3 Re7 31. Rc4 Rd8 32. Kc2 Red7 33. Bd4 Bxd4 34. cxd4 Rxd4 35. Rxd4 Rxd4 36. Kc3 Rd7 37. b4 Kf8 38. a4 Ke7 39. b5 Kd6 40. Kd4 Kc7+ 41. Bd5 1/2-1/2

[Event "CRO-chT2"]
[Site "Tucepi"]
[Date "1996.??.??"]
[Round "?"]
[White "Mrva, Martin"]
[Black "Sermek, Drazen"]
[Result "0-1"]
[WhiteElo "2385"]
[BlackElo "2535"]
[PlyCount "110"]
[EventDate "1996.??.??"]
[Source "www.chesslib.no"]
[SourceDate "2004.05.04"]

1. e4 c5 2. Nf3 Nc6 3. d4 cxd4 4. Nxd4 Nf6 5. Nc3 d6 6. f4 g6 7. Nf3 Bg7 8. Bd3 O-O 9. O-O b5 10. Kh1 a6 11. Qe1 Nb4 12. Qh4 Nxd3 13. cxd3 b4 14. Ne2 a5 15. f5 Ba6 16. Nf4 gxf5 17. exf5 Qd7 18. g4 e5 19. g5 Ne8 20. Nd5 Bb7 21. Ne3 f6 22. g6 h6 23. Qh5 e4 24. Nd4 exd3+ 25. Kg1 Rc8 26. Ng4 Rc4 27. Bxh6 Rxd4 28. Bf4 Rf7 29. Qh7+ Kf8 30. Nh6 Bxh6 31. gxf7 Qxf7 32. Bxh6+ Ke7 33. Rae1+ Be4 34. Qxf7+ Kxf7 35. b3 Nc7 36. Bd2 Nd5 37. Rc1 Nc3 38. Kf2 Bxf5 39. Kf3 Bg4+ 40. Ke3 Re4+ 41. Kxd3 Be2+ 42. Kc2 Bxf1 43. Bxc3 Bh3 44. Bd2 Re2 45. Kd3 Rxh2 46. Rc7+ Ke6 47. Ra7 Bf1+ 48. Kc2 f5 49. Rxa5 f4 50. Ra8 Bh3 51. Rf8 Bf5+ 52. Kd1 f3 53. Be3 f2 54. Ke2 Bg4+ 55. Kd3 f1=Q+ 0-1

[Event "Lone Pine op"]
[Site "Lone Pine"]
[Date "1975.??.??"]
[Round "9"]
[White "Weinstein, Norman"]
[Black "Robatsch, Karl"]
[Result "1-0"]
[WhiteElo "2465"]
[BlackElo "2455"]
[PlyCount "107"]
[EventDate "1975.??.??"]
[Source "ChessBase"]

1. e4 c5 2. Nf3 Nc6 3. d4 cxd4 4. Nxd4 Nf6 5. Nc3 d6 6. f4 g6 7. Nxc6 bxc6 8. e5 Nd7 9. exd6 exd6 10. Be3 Be7 11. Qd2 O-O 12. O-O-O Nf6 13. h3 Be6 14. Kb1 d5 15. g4 Bb4 16. Bg2 Qa5 17. a3 Ne4 18. Bxe4 Bxc3 19. Qxc3 Qxc3 20. bxc3 dxe4 21. Rd6 Rab8+ 22. Kc1 Rfd8 23. Rhd1 Rxd6 24. Rxd6 Rc8 25. Bxa7 c5 26. Kd2 Kf8 27. Ke3 Ke7 28. Rb6 f5 29. Rb7+ Bd7 30. a4 Kd6 31. a5 Kc6 32. Rb6+ Kd5 33. Rb7 Kc6 34. a6 Ra8 35. Bb8 Be6 36. Rc7+ Kd5 37. a7 fxg4 38. hxg4 Bxg4 39. Rxh7 Bf5 40. Rh8 Kc4 41. Re8 Kb5 42. Rd8 Kc4 43. Rg8 Kb5 44. Rf8 Kc4 45. Rh8 Kb5 46. Re8 Kc4 47. Kd2 Kd5 48. Kc1 Kc4 49. Kb2 Kd5 50. Kb3 c4+ 51. Kb4 e3 52. Rxe3 Bxc2 53. Re5+ Kc6 54. Kxc4 1-0

[Event "Vrnjacka Banja"]
[Site "Vrnjacka Banja"]
[Date "1981.??.??"]
[Round "11"]
[White "Sznapik, Aleksander"]
[Black "Karlsson, Lars"]
[Result "1/2-1/2"]
[WhiteElo "2450"]
[BlackElo "2465"]
[PlyCount "60"]
[EventDate "1981.04.??"]
[Source "ChessBase"]

1. e4 c5 2. Nf3 Nc6 3. d4 cxd4 4. Nxd4 Nf6 5. Nc3 g6 6. f4 d6 7. Nf3 Bg4 8. h3 Bxf3 9. Qxf3 Bg7 10. Bd3 Qb6 11. Rb1 O-O 12. Be3 Qa5 13. O-O Rfd8 14. Bd2 Qc7 15. Kh1 a6 16. Rbe1 b5 17. a3 e6 18. f5 Ne5 19. Qg3 Nh5 20. Qh4 d5 21. Bf4 Bf6 22. Qg4 Nxg4 23. Bxc7 Be5 24. hxg4 Ng3+ 25. Kg1 Bxc7 26. Rf3 dxe4 27. Nxe4 exf5 28. gxf5 Bb6+ 29. Kh2 Nxe4 30. Rxe4 Re8 1/2-1/2

[Event "Los Angeles"]
[Site "Los Angeles, CA USA"]
[Date "1974.??.??"]
[Round "5"]
[White "Kaplan, Julio P"]
[Black "Mednis, Edmar J"]
[Result "1/2-1/2"]
[WhiteElo "2460"]
[BlackElo "2455"]
[PlyCount "69"]
[EventDate "1974.??.??"]
[Source "www.chesslib.no"]
[SourceDate "2004.05.04"]

1. e4 c5 2. Nf3 d6 3. d4 cxd4 4. Nxd4 Nf6 5. Nc3 Nc6 6. f4 g6 7. Nxc6 bxc6 8. e5 Nd7 9. exd6 exd6 10. Be3 Be7 11. Qf3 d5 12. O-O-O Nf6 13. h3 O-O 14. g4 Qa5 15. Bd4 Rb8 16. Qe3 c5 17. Qxe7 cxd4 18. Qxf6 dxc3 19. Qxc3 Qxa2 20. Qa3 Qxa3 21. bxa3 Re8 22. Bd3 Kg7 23. Rde1 Bd7 24. Kd2 Ba4 25. Rxe8 Rxe8 26. Rb1 Bc6 27. Rb4 h6 28. h4 Rc8 29. g5 hxg5 30. hxg5 Kf8 31. f5 gxf5 32. Rf4 Ke7 33. Rxf5 Rc7 34. Rf4 Bd7 35. Rd4 1/2-1/2

[Event "Ilioupolis"]
[Site "Ilioupolis"]
[Date "1995.??.??"]
[Round "8"]
[White "Kofidis, Andreas"]
[Black "Pavlovic, Milos"]
[Result "1/2-1/2"]
[WhiteElo "2405"]
[BlackElo "2505"]
[PlyCount "44"]
[EventDate "1995.??.??"]
[Source "ChessBase"]

1. e4 c5 2. Nf3 d6 3. d4 cxd4 4. Nxd4 Nf6 5. Nc3 g6 6. f4 Nc6 7. Nf3 Bg4 8. h3 Bxf3 9. Qxf3 Bg7 10. Bd3 O-O 11. O-O Rc8 12. Kh1 Nd7 13. Bd2 Nc5 14. f5 Nd7 15. Qg3 Be5 16. Qh4 Bf6 17. Qh6 Nb6 18. Rf2 Ne5 19. Raf1 Bg7 20. Qh4 Bf6 21. Qh6 Bg7 22. Qh4 Bf6 1/2-1/2

[Event "Bochum"]
[Site "Bochum"]
[Date "1981.??.??"]
[Round "?"]
[White "Ghinda, Mihail Viorel"]
[Black "Kunsztowicz, Uwe"]
[Result "0-1"]
[WhiteElo "2450"]
[BlackElo "2460"]
[PlyCount "74"]
[EventDate "1981.03.??"]
[Source "ChessBase"]

1. e4 c5 2. Nf3 d6 3. d4 cxd4 4. Nxd4 Nf6 5. Nc3 g6 6. f4 Nc6 7. Nxc6 bxc6 8. e5 Nd7 9. exd6 exd6 10. Be3 Be7 11. Qd2 Nf6 12. h3 O-O 13. g4 d5 14. Bg2 Ba6 15. a3 Ne8 16. Kf2 Nd6 17. b3 Bh4+ 18. Kg1 Re8 19. Bf3 Qe7 20. Bf2 Rad8 21. Re1 Bxf2+ 22. Kxf2 Qf6 23. Kg3 h5 24. Rxe8+ Rxe8 25. Re1 Rxe1 26. Qxe1 h4+ 27. Kg2 Qxf4 28. Na4 Ne4 29. Bxe4 dxe4 30. Nc5 Qf3+ 31. Kh2 Bf1 32. Qd2 Qg3+ 33. Kh1 e3 34. Qh2 Qe1 35. Qb8+ Kh7 36. Qf4 Bxh3+ 37. Kh2 Qf2+ 0-1

[Event "Berliner Sommer"]
[Site "Berlin GER"]
[Date "1993.??.??"]
[Round "?"]
[White "Gurevich, Vladimir"]
[Black "Rogozenko, Dorian"]
[Result "0-1"]
[WhiteElo "2425"]
[BlackElo "2480"]
[PlyCount "76"]
[EventDate "1993.08.??"]
[Source "www.chesslib.no"]
[SourceDate "2004.05.04"]

1. e4 c5 2. Nc3 Nc6 3. f4 d6 4. Nf3 g6 5. d4 cxd4 6. Nxd4 Bg7 7. Nb3 Nf6 8. Be2 Qb6 9. Bf3 O-O 10. Qe2 Be6 11. Be3 Bc4 12. Bxb6 Bxe2 13. Kxe2 axb6 14. Nd5 Nxd5 15. exd5 Na5 16. Nxa5 bxa5 17. c3 b5 18. Kd3 b4 19. Rab1 Rfc8 20. Rhc1 Rab8 21. cxb4 Rxc1 22. Rxc1 Bxb2 23. Rc7 Rxb4 24. Rxe7 Rxf4 25. Kc2 Be5 26. a3 a4 27. Rc7 Kg7 28. h3 h5 29. Kd3 Rd4+ 30. Ke3 h4 31. Be2 g5 32. Rc4 Rxd5 33. Rxa4 f5 34. Rb4 Bf4+ 35. Kf3 Re5 36. Rb3 Bc1 37. Bb5 Bxa3 38. Bd7 Bc5 0-1

[Event "Warszawa Cup5-A"]
[Site "Warsaw POL"]
[Date "1979.??.??"]
[Round "1"]
[White "Sznapik, Aleksander"]
[Black "Spassov, Liuben D"]
[Result "1-0"]
[WhiteElo "2435"]
[BlackElo "2470"]
[PlyCount "43"]
[EventDate "1979.05.??"]
[Source "www.chesslib.no"]
[SourceDate "2004.05.04"]

1. e4 c5 2. Nf3 d6 3. d4 cxd4 4. Nxd4 Nf6 5. Nc3 Nc6 6. f4 g6 7. Nf3 Bg7 8. Bd3 O-O 9. O-O Bg4 10. Qe1 Nb4 11. Kh1 Nxd3 12. cxd3 Bxf3 13. Rxf3 e6 14. f5 Nd7 15. Bf4 Qb6 16. Qd2 Rfe8 17. Raf1 Rac8 18. Bh6 Bh8 19. fxg6 fxg6 20. Rf7 Ne5 21. Qf4 Qd4 22. Rf8+ 1-0

[Event "Wch U20"]
[Site "Matinhos"]
[Date "1994.??.??"]
[Round "?"]
[White "Jaracz, Pawel"]
[Black "Gabriel, Christian"]
[Result "1/2-1/2"]
[WhiteElo "2370"]
[BlackElo "2530"]
[PlyCount "76"]
[EventDate "1994.09.??"]
[Source "www.chesslib.no"]
[SourceDate "2004.05.04"]

1. e4 c5 2. Nf3 d6 3. d4 cxd4 4. Nxd4 Nf6 5. Nc3 Nc6 6. f4 g6 7. Nf3 Bg7 8. Bd3 O-O 9. O-O a6 10. Qe1 b5 11. a3 e6 12. Kh1 Nd7 13. f5 Nde5 14. fxg6 fxg6 15. Qg3 Ra7 16. Bg5 Qe8 17. Rf2 Raf7 18. Raf1 Bd7 19. Qh4 Nxf3 20. gxf3 Bd4 21. f4 Bxf2 22. Rxf2 Qa8 23. Bh6 Re8 24. Rg2 Ne7 25. Qg5 Bc6 26. h4 d5 27. Qe5 dxe4 28. Nxe4 Nf5 29. h5 Qb8 30. hxg6 hxg6 31. Rxg6+ Kh7 32. Qxb8 Rxb8 33. Rxe6 Ng3+ 34. Kh2 Bxe4 35. Kxg3 Bxd3 36. cxd3 a5 37. Bg5 b4 38. Ra6 Rb5 1/2-1/2

[Event "Goldwater-M"]
[Site "New York Goldwater-M"]
[Date "1971.??.??"]
[Round "?"]
[White "Soltis, Andrew E"]
[Black "Byrne, Donald"]
[Result "1-0"]
[WhiteElo "2430"]
[BlackElo "2470"]
[PlyCount "45"]
[EventDate "1971.??.??"]
[Source "www.chesslib.no"]
[SourceDate "2004.05.04"]

1. e4 c5 2. Nf3 d6 3. d4 cxd4 4. Nxd4 Nf6 5. Nc3 g6 6. f4 Nc6 7. Nxc6 bxc6 8. e5 dxe5 9. Qxd8+ Kxd8 10. fxe5 Ng4 11. Bf4 Be6 12. Ne4 Bg7 13. Ng5 Bxe5 14. O-O-O+ Kc7 15. Bxe5+ Nxe5 16. Nxe6+ fxe6 17. Re1 Kd6 18. g3 Ng4 19. Bc4 e5 20. Re2 Rad8 21. Rhe1 Rhf8 22. h3 Nf2 23. Rxe5 1-0

[Event "Stara Zagora zt-B"]
[Site "Stara Zagora"]
[Date "1990.??.??"]
[Round "1"]
[White "Georgiev, Krum"]
[Black "Palkovi, Jozsef"]
[Result "1-0"]
[WhiteElo "2455"]
[BlackElo "2440"]
[PlyCount "81"]
[EventDate "1990.02.??"]
[Source "ChessBase"]

1. e4 c5 2. Nf3 d6 3. d4 cxd4 4. Nxd4 Nf6 5. Nc3 g6 6. f4 Bg7 7. Bb5+ Bd7 8. e5 Nh5 9. Qe2 Bxb5 10. Qxb5+ Nd7 11. Nf3 a6 12. Qe2 Qb6 13. Bd2 dxe5 14. fxe5 Qe6 15. O-O-O O-O 16. Rhe1 Rac8 17. Kb1 b5 18. Qe4 Rfd8 19. Qd5 Nc5 20. Qxe6 Nxe6 21. Ne2 f5 22. exf6 Bxf6 23. g4 Nhg7 24. g5 Bd4 25. Ba5 Bf2 26. Bxd8 Bxe1 27. Bxe7 Bf2 28. Bf6 Nf5 29. Nc3 Nc5 30. Ne5 Ne3 31. Nd5 Nxd5 32. Rxd5 Bg1 33. Ng4 Kf7 34. Rd1 Bxh2 35. Nxh2 h6 36. Nf3 hxg5 37. Bxg5 Ne4 38. Be3 Ke6 39. Rd4 Kf5 40. Nh4+ Ke5 41. Nxg6+ 1-0

[Event "New York Mayor's Cup"]
[Site "New York"]
[Date "2001.06.25"]
[Round "8"]
[White "Perelshteyn, Eugene"]
[Black "Shahade, Gregory P"]
[Result "0-1"]
[WhiteElo "2436"]
[BlackElo "2458"]
[PlyCount "62"]
[EventDate "2001.06.18"]
[Source "ChessBase"]
[SourceDate "2001.09.13"]

1. e4 c5 2. Nf3 d6 3. d4 cxd4 4. Nxd4 Nf6 5. Nc3 g6 6. f4 Nc6 7. Nxc6 bxc6 8. e5 Nd7 9. exd6 exd6 10. Be3 Be7 11. Qd2 Nf6 12. O-O-O O-O 13. h3 Qa5 14. g4 Be6 15. Qe1 Rfe8 16. Bg2 Qa6 17. Kb1 Bc4 18. Qg3 d5 19. Bc1 Rab8 20. Ka1 d4 21. Rxd4 Bc5 22. Rdd1 Re2 23. f5 Rbe8 24. fxg6 hxg6 25. a3 Rxc2 26. Rd2 Rxd2 27. Bxd2 Bxa3 28. bxa3 Qxa3+ 29. Kb1 Ba2+ 30. Kc2 Qb3+ 31. Kc1 Bb1 0-1

[Event "Antwerp Open"]
[Site "Antwerp BEL"]
[Date "1993.??.??"]
[Round "4"]
[White "Roofdhooft, Marcel"]
[Black "Tukmakov, Vladimir B"]
[Result "0-1"]
[WhiteElo "2285"]
[BlackElo "2605"]
[PlyCount "58"]
[EventDate "1993.08.??"]
[Source "www.chesslib.no"]
[SourceDate "2004.05.04"]

1. e4 c5 2. Nf3 d6 3. d4 cxd4 4. Nxd4 Nf6 5. Nc3 Nc6 6. f4 g6 7. Nf3 Bg7 8. Bd3 O-O 9. O-O Bg4 10. Qe1 Bxf3 11. Rxf3 e6 12. Kh1 Rc8 13. Bd2 Nd7 14. Rd1 Nc5 15. Bc1 d5 16. Rh3 Nxd3 17. cxd3 f5 18. e5 Rf7 19. d4 Bf8 20. Qg1 a6 21. g4 fxg4 22. Qxg4 Qd7 23. Ne2 Ne7 24. Ng1 Nf5 25. Nf3 Be7 26. Ng5 Bxg5 27. fxg5 Qa4 28. Ra3 Qc2 29. Rad3 Qb1 0-1

[Event "Mitropa Cup"]
[Site "Bad Woerishofen"]
[Date "1993.??.??"]
[Round "?"]
[White "Grosar, Aljosa"]
[Black "Robatsch, Karl"]
[Result "1/2-1/2"]
[WhiteElo "2480"]
[BlackElo "2410"]
[PlyCount "32"]
[EventDate "1993.01.??"]
[Source "ChessBase"]

1. e4 c5 2. Nf3 d6 3. d4 cxd4 4. Nxd4 Nf6 5. Nc3 Nc6 6. f4 g6 7. Be2 Nxd4 8. Qxd4 Bg7 9. Be3 O-O 10. Qd2 Qa5 11. O-O Be6 12. h3 Rfc8 13. Bd3 Bc4 14. Rab1 Nd7 15. Rfd1 Nb6 16. Qf2 Bxd3 1/2-1/2